Introduction to medical imaging (Record no. 39304)

000 -LEADER
fixed length control field 00626nam a22002177a 4500
001 - CONTROL NUMBER
control field 39304
003 - CONTROL NUMBER IDENTIFIER
control field BD-DhUET
008 - FIXED-LENGTH DATA ELEMENTS--GENERAL INFORMATION
fixed length control field 160816b xxu||||| |||| 00| 0 eng d
020 ## - INTERNATIONAL STANDARD BOOK NUMBER
International Standard Book Number 9780521190657
040 ## - CATALOGING SOURCE
Transcribing agency 0
Modifying agency BD-DhUET
082 ## - DEWEY DECIMAL CLASSIFICATION NUMBER
Classification number 616.0754
Item number SMI/2011
100 ## - MAIN ENTRY--PERSONAL NAME
Personal name Smith, Nadine Barrie
245 ## - TITLE STATEMENT
Title Introduction to medical imaging
Remainder of title physics, engineering and clinical applications
250 ## - EDITION STATEMENT
Edition statement 1st ed.
260 ## - PUBLICATION, DISTRIBUTION, ETC. (IMPRINT)
Place of publication, distribution, etc. Cambridge
Name of publisher, distributor, etc. Cambridge University Press
Date of publication, distribution, etc. 2011
300 ## - PHYSICAL DESCRIPTION
Extent xii,286p.
504 ## - BIBLIOGRAPHY, ETC. NOTE
Bibliography, etc Includes bibliographies
650 #0 - SUBJECT ADDED ENTRY--TOPICAL TERM
Topical term or geographic name as entry element Diagnostic imaging-Digital techniques
700 ## - ADDED ENTRY--PERSONAL NAME
Personal name Webb, Andrew
942 ## - ADDED ENTRY ELEMENTS (KOHA)
Koha item type General Book
Holdings
Koha date last borrowed Shelving location Copy number Koha normalized classification for sorting Koha date last seen Price effective from Sublocation or collection (holding branch) Koha renewals Date acquired Koha issues (times borrowed) Koha full call number Koha item type Lost status Location (home branch) Damaged status Source of classification or shelving scheme Not for loan Withdrawn status Koha out on loan Piece designation (barcode)
2022-02-26Circulation section1616_075400000000000_SMI_20112022-02-262016-08-16Central Library, BUET22016-08-162616.0754/SMI/2011General Book Central Library, BUET    2025-11-29114673
 Circulation section2616_075400000000000_SMI_20112016-08-162016-08-16Central Library, BUET 2016-08-16 616.0754/SMI/2011General Book Central Library, BUET     114674
2025-11-29Circulation section3616_075400000000000_SMI_20112025-11-292025-07-02Central Library, BUET 2025-04-301616.0754/SMI/2011General Book Central Library, BUET    2026-11-29120320
 Circulation section4616_075400000000000_SMI_20112025-07-022025-07-02Central Library, BUET 2025-04-30 616.0754/SMI/2011General Book Central Library, BUET     120321
 Circulation section5616_075400000000000_SMI_20112025-07-022025-07-02Central Library, BUET 2025-04-30 616.0754/SMI/2011General Book Central Library, BUET     120322